[Event "Elit(Schack 08-Rockaden,Umea)"]
[Site "?"]
[Date "2018.11.10"]
[Round "2"]
[White "Malmstig, Erik"]
[Black "Ingbrant, Johan"]
[Result "1-0"]
[WhiteElo "2309"]
[BlackElo "2364"]
[PlyCount "137"]
1. Nf3 d5 2. c4 c6 3. b3 Bg4 4. Bb2 Nd7 5. e3 e6 6. h3 Bh5 7. Be2 Ngf6 8. O-O
Be7 9. d3 O-O 10. Nbd2 a5 11. Rc1 a4 12. cxd5 exd5 13. g4 Bg6 14. Ne1 Ne8 15.
Ng2 axb3 16. axb3 Ba3 17. Bxa3 Rxa3 18. h4 f6 19. h5 Bf7 20. f4 Nd6 21. d4 Re8
22. Bd3 Nf8 23. Nb1 Ra1 24. Nc3 Rxc1 25. Qxc1 f5 26. Qd1 fxg4 27. Qxg4 Kh8 28.
h6 gxh6 29. Qh3 Qf6 30. f5 Nd7 31. Ne2 Rg8 32. Nef4 Qg5 33. Ne6 Qg4 34. Qxg4
Rxg4 35. Kh2 Nf6 36. Be2 Rg8 37. Nc5 Ra8 38. Kg3 Ra2 39. Bd3 Kg7 40. Nf4 Kf8
41. Ng6+ Ke8 42. Ne5 Ke7 43. Rh1 h5 44. Rg1 Nfe4+ 45. Bxe4 dxe4 46. Nxf7 Kxf7
47. Kf4 Rf2+ 48. Ke5 Ke7 49. Rg7+ Nf7+ 50. Kxe4 Kf6 51. Rg8 h4 52. Kd3 Rxf5 53.
Ne4+ Ke7 54. Rg7 Rh5 55. Ke2 b6 56. Rg2 c5 57. Rh2 cxd4 58. exd4 Nd6 59. Ng3
Rg5 60. Nf1 Rg4 61. d5 Rb4 62. Nd2 Rd4 63. Nf3 Rxd5 64. Rxh4 h5 65. Rf4 Nf5 66.
Rb4 b5 67. Rf4 h4 68. Nxh4 Nd4+ 69. Rxd4 1-0

[Event "Elit(Farsta-Stockholms SS)"]
[Site "?"]
[Date "2018.11.10"]
[Round "2"]
[White "Hauge, Lars Oskar"]
[Black "Sammalvuo, Tapani"]
[Result "1-0"]
[WhiteElo "2449"]
[BlackElo "2416"]
[PlyCount "177"]
1. e4 e5 2. Nc3 Nf6 3. f4 d5 4. fxe5 Nxe4 5. Qf3 Nc6 6. Bb5 Nxc3 7. dxc3 Qh4+
8. g3 Qe4+ 9. Qxe4 dxe4 10. Bf4 Be7 11. O-O-O Bd7 12. Ne2 Nxe5 13. Nd4 c6 14.
Bxe5 cxb5 15. Bxg7 Rg8 16. Bh6 Rc8 17. Rhf1 Rc5 18. Rde1 f5 19. Be3 a6 20. Ne2
Rc6 21. Rd1 Bc8 22. a3 Rd6 23. Rd4 Rd7 24. Rxd7 Bxd7 25. Nd4 Rf8 26. Kd2 Rf7
27. Ke2 Bd8 28. Bf4 Bf6 29. Rd1 Bc8 30. Ke3 Rd7 31. Rf1 Rd5 32. Rf2 Bd8 33. Rd2
Bd7 34. Rg2 Bb6 35. Rg1 Rc5 36. Bb8 a5 37. Rd1 Rc4 38. Bd6 Rc6 39. Be5 b4 40.
axb4 axb4 41. Kf4 Bxd4 42. Bxd4 bxc3 43. Bxc3 Rg6 44. Re1 h5 45. h3 Kf7 46. Rd1
Be6 47. Rd8 Rg8 48. Rxg8 Kxg8 49. h4 Kf7 50. Kg5 e3 51. Kxh5 f4 52. gxf4 Bf5
53. Kg5 Ke6 54. h5 Bxc2 55. h6 Bf5 56. Bd4 e2 57. Bc3 Bh7 58. Kg4 Bf5+ 59. Kf3
Kd5 60. Kxe2 Ke4 61. Be5 Kd5 62. Ke3 Kc4 63. Bc3 Kd5 64. b3 Kc5 65. Kd2 Kb5 66.
Kc1 Kc5 67. Be5 Kb4 68. Kb2 Kb5 69. Kc3 Kc5 70. Bg7 b5 71. Bf8+ Kd5 72. Ba3 Bh7
73. Bb2 Bf5 74. Kb4 Kc6 75. Ba3 Bh7 76. Ka5 Bd3 77. Bb2 Bf5 78. Ka6 Bc8+ 79.
Ka7 Bf5 80. Kb8 Kb6 81. Bd4+ Kc6 82. Ba7 Be4 83. Kc8 Kd6 84. Bd4 Kd5 85. Bc3
Kd6 86. Kd8 Bg6 87. f5 Bxf5 88. Ke8 Ke6 89. Kf8 1-0

[Event "Elit(Limhamn-Wasa)"]
[Site "?"]
[Date "2018.11.10"]
[Round "2"]
[White "Johansson, Linus"]
[Black "Amin, Bassem"]
[Result "0-1"]
[WhiteElo "2461"]
[BlackElo "2686"]
[PlyCount "71"]
[EventDate "2018.??.??"]
1. d4 Nf6 2. c4 g6 3. Nc3 Bg7 4. e4 O-O 5. Bd3 Nc6 6. Nge2 e5 7. d5 Nd4 8. O-O
c5 9. f4 exf4 10. Bxf4 d6 11. Nxd4 cxd4 12. Nb5 Ne8 13. Qd2 a6 14. Na3 f5 15.
Bh6 Bxh6 16. Qxh6 Ng7 17. Rae1 fxe4 18. Rxf8+ Qxf8 19. Bxe4 Bf5 20. Qd2 Re8 21.
Bf3 Rxe1+ 22. Qxe1 Qf6 23. Qf2 h5 24. h3 Qe5 25. Qd2 Kh7 26. Kf2 Qf6 27. Kg1 d3
28. Qf2 Qg5 29. Qd4 Qc1+ 30. Kh2 d2 31. g4 hxg4 32. hxg4 Bd7 33. Kg2 Ba4 34. c5
Bd1 35. Be4 Be2 36. Qf6 0-1

[Event "Elit(Schack 08-Rockaden,Umea)"]
[Site "?"]
[Date "2018.11.10"]
[Round "2"]
[White "Laveryd, Peter"]
[Black "Wickstrom, Lucas"]
[Result "1-0"]
[WhiteElo "2368"]
[BlackElo "2356"]
[PlyCount "45"]
1. e4 c5 2. Nc3 Nc6 3. f4 g6 4. Nf3 Bg7 5. Bc4 e6 6. f5 Nge7 7. fxe6 fxe6 8. d3
O-O 9. O-O d5 10. Bb3 d4 11. Ne2 Na5 12. Qe1 b5 13. Bg5 Nxb3 14. cxb3 h6 15.
Qh4 Rxf3 16. Bxe7 Rxf1+ 17. Rxf1 Qc7 18. Nf4 c4 19. Nxg6 cxd3 20. Bf6 Qf7 21.
Bxg7 Qxg6 22. Rf8+ Kh7 23. Be5 1-0

[Event "Elit(Farsta-Stockholms SS)"]
[Site "?"]
[Date "2018.11.10"]
[Round "2"]
[White "Degerman, Lars"]
[Black "Westerberg, Jonathan"]
[Result "0-1"]
[WhiteElo "2460"]
[BlackElo "2504"]
[PlyCount "158"]
1. c4 e6 2. g3 d5 3. Bg2 Nf6 4. Nf3 Be7 5. O-O O-O 6. d4 dxc4 7. Ne5 c5 8. dxc5
Qc7 9. Nxc4 Qxc5 10. b3 Rd8 11. Nbd2 Qc7 12. Bb2 Nc6 13. Rc1 Bd7 14. Ne5 Qa5
15. Ndc4 Qa6 16. Nd3 Rac8 17. a3 Be8 18. Nd2 b6 19. Nf3 b5 20. b4 Qb6 21. Nfe5
Nxe5 22. Bxe5 Bc6 23. Bxc6 Rxc6 24. Qb3 Rdc8 25. Rxc6 Rxc6 26. Qb2 Rc4 27. Rd1
Qd8 28. Qb3 Qc8 29. Bb2 Rc2 30. Rc1 Rxc1+ 31. Bxc1 Nd5 32. Bd2 a6 33. e4 Nb6
34. Be3 Nc4 35. Nc5 a5 36. Qd3 a4 37. Kg2 Qd8 38. Qxd8+ Bxd8 39. Bc1 Bb6 40.
Nd3 Kf8 41. Kf3 Bd4 42. Ke2 Ke7 43. Ne1 Bb2 44. Bxb2 Nxb2 45. Nc2 Nc4 46. f4
Kd6 47. Kd3 e5 48. Ke2 g6 49. Kf3 Nd2+ 50. Ke3 Nf1+ 51. Kd3 Nxh2 52. fxe5+ Kxe5
53. Nd4 Nf1 54. Nxb5 Nxg3 55. Nc3 h5 56. Ke3 f5 57. exf5 Nxf5+ 58. Kf2 Nd6 59.
Nxa4 Nb5 60. Kg3 g5 61. Kh3 Kf4 62. Nc5 Kf3 63. Nd3 Nxa3 64. Ne5+ Kf4 65. Ng6+
Kf5 66. Ne7+ Ke4 67. Ng8 Ke5 68. Ne7 Nb5 69. Kg3 Nd4 70. Nc8 Nf5+ 71. Kg2 Nd6
72. Nb6 g4 73. Nd7+ Kf5 74. Nc5 h4 75. Nd3 Nb5 76. Nf2 Nd4 77. Nd3 h3+ 78. Kg3
Ne2+ 79. Kh2 Kg5 0-1

[Event "Elit(Limhamn-Wasa)"]
[Site "?"]
[Date "2018.11.10"]
[Round "2"]
[White "Cramling, Pia"]
[Black "Jepson, Christian"]
[Result "1-0"]
[WhiteElo "2465"]
[BlackElo "2413"]
[PlyCount "41"]
1. Nf3 d5 2. d4 Nf6 3. c4 e6 4. g3 dxc4 5. Bg2 a6 6. O-O Nc6 7. e3 Bd7 8. Qe2
Bd6 9. Qxc4 O-O 10. Rd1 Qe7 11. Qe2 Rad8 12. Nc3 b5 13. e4 e5 14. Bg5 Nxd4 15.
Nxd4 exd4 16. Nd5 Qe6 17. Bxf6 gxf6 18. Rxd4 c6 19. Ne3 Qe7 20. Rad1 Bc5 21.
Rxd7 1-0

[Event "Elit(Schack 08-Rockaden,Umea)"]
[Site "?"]
[Date "2018.11.10"]
[Round "2"]
[White "Nygren, David"]
[Black "Karlsson, Tomas"]
[Result "1-0"]
[WhiteElo "2288"]
[BlackElo "2275"]
[PlyCount "59"]
1. e4 e6 2. d4 d5 3. Nc3 Bb4 4. e5 c5 5. a3 Bxc3+ 6. bxc3 Ne7 7. a4 Qa5 8. Bd2
Nbc6 9. Nf3 Bd7 10. Bb5 a6 11. Bxc6 Bxc6 12. O-O c4 13. Ng5 h6 14. Qh5 g6 15.
Qh3 Qc7 16. g4 Qd7 17. f4 Bxa4 18. f5 gxf5 19. gxf5 Rg8 20. Rxa4 hxg5 21. fxe6
fxe6 22. Rb4 b5 23. Rf6 Nf5 24. Qh5+ Kd8 25. Rf7 Qe8 26. Qh7 Rc8 27. Rb1 Ne7
28. Rxe7 Qxe7 29. Qxg8+ Kc7 30. Qg6 1-0

[Event "Elit(Farsta-Stockholms SS)"]
[Site "?"]
[Date "2018.11.10"]
[Round "2"]
[White "Lokander, Martin"]
[Black "Hjelm, Niclas"]
[Result "1-0"]
[WhiteElo "2384"]
[BlackElo "2334"]
[PlyCount "115"]
1. c4 c6 2. Nf3 d5 3. e3 Nf6 4. Nc3 g6 5. d4 Bg7 6. Be2 O-O 7. O-O Bg4 8. cxd5
cxd5 9. Qb3 b6 10. Bd2 Nc6 11. Rfd1 Qd6 12. Nb5 Qd7 13. h3 Bxf3 14. Bxf3 Rfc8
15. a4 e6 16. Be2 Bf8 17. Be1 a5 18. f3 Nb4 19. Nc3 Qb7 20. e4 Bh6 21. e5 Nh5
22. g3 f5 23. Kg2 f4 24. g4 Ng3 25. Bd3 Qe7 26. Nb5 Nxd3 27. Qxd3 Rc6 28. Rac1
Rac8 29. Rxc6 Rxc6 30. Nd6 Bg5 31. Bd2 Qd8 32. Rc1 Rxc1 33. Bxc1 Qc7 34. Bd2
Qc6 35. b3 Bh6 36. Qc3 Qxc3 37. Bxc3 Bg5 38. Bd2 Ne2 39. Nb5 Bh4 40. b4 axb4
41. Bxb4 Nc1 42. Kf1 Nd3 43. Bc3 Be7 44. Ke2 Nc1+ 45. Kd1 Nb3 46. Na7 Kf7 47.
Kc2 Na5 48. Bxa5 bxa5 49. Nc6 Ke8 50. Nxa5 Kd7 51. Nb7 Kc6 52. Nd6 Bxd6 53.
exd6 Kxd6 54. g5 e5 55. dxe5+ Kxe5 56. Kd3 Kd6 57. Kd4 Kc6 58. h4 1-0

[Event "Elit(Rockaden,Umea-Eksjo)"]
[Site "?"]
[Date "2018.11.09"]
[Round "1"]
[White "Lindgren, Fredrik"]
[Black "Schussler, Harry"]
[Result "1/2-1/2"]
[WhiteElo "2269"]
[BlackElo "2416"]
[PlyCount "43"]
1. d4 Nf6 2. Nf3 e6 3. g3 b5 4. Bg2 Bb7 5. O-O c5 6. a4 b4 7. c4 Na6 8. Nbd2
Be7 9. Nb3 cxd4 10. Qxd4 O-O 11. Rd1 d6 12. Bg5 h6 13. Bxf6 Bxf6 14. Qxd6 Bxb2
15. Rab1 Bc3 16. Nh4 Qc8 17. c5 Bxg2 18. Nxg2 Rd8 19. Qe7 Re8 20. Qd6 Rd8 21.
Qe7 Re8 22. Qd6 1/2-1/2

[Event "Elit(Schack 08-Rockaden,Sthlm)"]
[Site "?"]
[Date "2018.11.09"]
[Round "1"]
[White "Nyander, Joakim"]
[Black "Blomqvist, Erik"]
[Result "1/2-1/2"]
[WhiteElo "2229"]
[BlackElo "2499"]
[PlyCount "103"]
1. c4 e6 2. g3 d5 3. Bg2 g6 4. Nf3 Bg7 5. O-O Nf6 6. cxd5 exd5 7. d3 O-O 8. Nc3
d4 9. Ne4 Nd5 10. Bg5 Qd7 11. Qb3 c6 12. Nc5 Qc7 13. Qd1 a5 14. Nb3 Qb6 15. Rb1
h6 16. Bd2 a4 17. Na1 Re8 18. Nc2 Bg4 19. h3 Be6 20. Qc1 Kh7 21. Re1 Nd7 22.
Kh2 Nc7 23. Ra1 Re7 24. Na3 Bd5 25. Nc4 Qa6 26. Bf4 Ne6 27. Bd6 Ree8 28. Nce5
Nxe5 29. Bxe5 Qb5 30. Bxg7 Kxg7 31. e4 dxe3 32. Qc3+ Kg8 33. Rxe3 Bxf3 34. Bxf3
Ng7 35. Rae1 Rxe3 36. Rxe3 Nf5 37. Re4 Rd8 38. h4 Qb6 39. Kg2 Nd4 40. h5 g5 41.
Bd1 Qa7 42. Re7 Qa6 43. Bf3 b5 44. Qc5 Qc8 45. Qe5 Nxf3 46. Kxf3 Qh3 47. Re8+
Rxe8 48. Qxe8+ Kg7 49. Qe5+ Kg8 50. Qe8+ Kg7 51. Qe5+ Kg8 52. Qe8+ 1/2-1/2

[Event "Elit(Rockaden,Umea-Eksjo)"]
[Site "?"]
[Date "2018.11.09"]
[Round "1"]
[White "Gajic, Mladen"]
[Black "Lindgren, Mats"]
[Result "1-0"]
[WhiteElo "2291"]
[BlackElo "2153"]
[PlyCount "51"]
1. d4 e6 2. e4 d5 3. Nc3 Bb4 4. Nge2 dxe4 5. a3 Bxc3+ 6. Nxc3 Bd7 7. Qg4 Nf6 8.
Qxg7 Rg8 9. Qh6 Rg6 10. Qh4 Bc6 11. Be3 Nbd7 12. O-O-O Nd5 13. Qxh7 N7f6 14.
Qh8+ Rg8 15. Qh4 Rg4 16. Qh3 Nxc3 17. bxc3 Qe7 18. Kb1 O-O-O 19. Be2 Rgg8 20.
c4 Kb8 21. Qh4 Rh8 22. Qf4 Nd7 23. d5 exd5 24. cxd5 Ba4 25. Rd4 Nb6 26. Rxe4
1-0

[Event "Elit(Schack 08-Rockaden,Sthlm)"]
[Site "?"]
[Date "2018.11.09"]
[Round "1"]
[White "Karlsson, Lars"]
[Black "Karlsson, Tomas"]
[Result "1/2-1/2"]
[WhiteElo "2469"]
[BlackElo "2275"]
[PlyCount "104"]
1. Nf3 d5 2. g3 Nf6 3. Bg2 e6 4. O-O Be7 5. b3 O-O 6. Bb2 c5 7. c4 Nc6 8. e3
Bd7 9. d3 Qc7 10. a3 dxc4 11. bxc4 Rfd8 12. Qe2 a6 13. Nbd2 Rac8 14. Rac1 Be8
15. Ne1 Na5 16. f4 b5 17. Bc3 bxc4 18. dxc4 Bc6 19. g4 Bxg2 20. Qxg2 Ne8 21. g5
f5 22. Nef3 Nd6 23. Ne5 Nc6 24. Nxc6 Qxc6 25. Qxc6 Rxc6 26. Rb1 Nf7 27. Nf3
Rcd6 28. Ba5 Re8 29. Rb7 Bf8 30. Rfb1 e5 31. Nxe5 Nxe5 32. fxe5 Rd3 33. Bc7
Rxe3 34. Kf2 Re4 35. Rb8 Rxb8 36. Rxb8 Kf7 37. Rb7 Kg6 38. h4 Rxh4 39. Rb6+ Kh5
40. Re6 g6 41. Bd8 Rxc4 42. Re8 Re4 43. Rxf8 Rxe5 44. Rh8 Kg4 45. Rxh7 Rd5 46.
Bf6 f4 47. Rc7 Rd2+ 48. Ke1 Rc2 49. Be7 f3 50. Bxc5 Rc1+ 51. Kf2 Rc2+ 52. Kf1
Rc1+ 1/2-1/2

[Event "Elit(Rockaden,Umea-Eksjo)"]
[Site "?"]
[Date "2018.11.09"]
[Round "1"]
[White "Eriksson, Jorgen"]
[Black "Vernersson, Per"]
[Result "1/2-1/2"]
[WhiteElo "2193"]
[BlackElo "2296"]
[PlyCount "91"]
1. d4 d5 2. Bf4 c6 3. c3 Bf5 4. e3 e6 5. Nf3 Nd7 6. Nbd2 Ngf6 7. Be2 h6 8. h3
Be7 9. Qb3 Qb6 10. O-O O-O 11. Rfe1 c5 12. Qxb6 Nxb6 13. a4 a6 14. Ne5 cxd4 15.
exd4 Rac8 16. a5 Nbd7 17. Nxd7 Nxd7 18. Bf3 Bf6 19. Ra4 Bd3 20. Ra3 Rc6 21. Re3
Bb5 22. g4 Rfc8 23. Kg2 Be7 24. Ra2 Kf8 25. Re1 Bd3 26. Re3 Bb5 27. Re1 Bd6 28.
Bxd6+ Rxd6 29. Be2 Bxe2 30. Rxe2 g5 31. f4 gxf4 32. Kf3 f6 33. Kxf4 Kf7 34. Ra3
Rdc6 35. Nf3 Nf8 36. Rb3 R8c7 37. Kg3 Rc4 38. Ra3 Re7 39. Nd2 Rc6 40. Nf3 Nd7
41. Ra1 Rc8 42. Rf1 Kg7 43. Rfe1 Kf7 44. Rf1 Kg7 45. Rfe1 Kf7 46. Rf1 1/2-1/2

[Event "Elit(Schack 08-Rockaden,Sthlm)"]
[Site "?"]
[Date "2018.11.09"]
[Round "1"]
[White "Drugge, Patrick"]
[Black "Engqvist, Thomas"]
[Result "0-1"]
[WhiteElo "2198"]
[BlackElo "2331"]
[PlyCount "96"]
1. e4 c6 2. d4 d5 3. Nc3 dxe4 4. Nxe4 Bf5 5. Ng3 Bg6 6. Nf3 e6 7. h4 h6 8. h5
Bh7 9. Bd3 Bxd3 10. Qxd3 Nf6 11. Qb3 Qb6 12. Bf4 Nbd7 13. O-O-O Qxb3 14. axb3
a5 15. Rhe1 Nb6 16. Be5 Be7 17. Bxf6 gxf6 18. Ne4 Rg8 19. g3 O-O-O 20. c4 Kc7
21. Nc3 Bb4 22. Re4 Rd7 23. Na4 Nxa4 24. bxa4 Rgd8 25. Rd3 c5 26. Kd1 f5 27.
Rh4 f6 28. d5 exd5 29. Rf4 dxc4 30. Rxd7+ Rxd7+ 31. Kc2 b5 32. axb5 Kb6 33.
Rxf5 Rd6 34. Nh2 Rd2+ 35. Kb1 a4 36. Rxf6+ Kxb5 37. Rf3 c3 38. bxc3 Ba5 39. g4
Kc4 40. g5 hxg5 41. h6 Kb3 42. c4+ Bc3 43. Kc1 a3 44. h7 Rc2+ 45. Kd1 a2 46.
Rxc3+ Rxc3 47. h8=Q a1=Q+ 48. Ke2 Qb2+ 0-1

[Event "Elit(Rockaden,Umea-Eksjo)"]
[Site "?"]
[Date "2018.11.09"]
[Round "1"]
[White "Rothen, Hakan"]
[Black "Larsson, Johan"]
[Result "1-0"]
[WhiteElo "2298"]
[BlackElo "2205"]
[PlyCount "139"]
1. d4 d5 2. c4 e6 3. Nc3 c5 4. cxd5 exd5 5. Nf3 Nc6 6. dxc5 d4 7. Na4 Bxc5 8.
Nxc5 Qa5+ 9. Bd2 Qxc5 10. Rc1 Qe7 11. Qa4 Qf6 12. e3 dxe3 13. Bc3 Qh6 14. Qe4+
Nge7 15. Qxe3 Qxe3+ 16. fxe3 O-O 17. Bc4 Nf5 18. Kf2 Nd6 19. Bd3 Bf5 20. Bxf5
Nxf5 21. Ne5 Nxe5 22. Bxe5 f6 23. Bf4 Rac8 24. e4 Nd4 25. Rhd1 Rxc1 26. Bxc1
Nc6 27. Be3 a6 28. b3 Rd8 29. Rxd8+ Nxd8 30. Bb6 Nc6 31. Ke3 Kf7 32. a3 Ke6 33.
Kd3 Ne5+ 34. Kd4 Nc6+ 35. Kc5 Kd7 36. h3 Ne5 37. Kd5 Nd3 38. Be3 Ne5 39. Kc5
Nd3+ 40. Kb6 Kc8 41. a4 Ne5 42. Kc5 Kd7 43. Kd5 Nd3 44. Bd2 Ne5 45. Bc3 Ng6 46.
g3 Ne7+ 47. Kc5 Nc6 48. g4 Nd8 49. Kb6 Kc8 50. e5 fxe5 51. Bxe5 Ne6 52. h4 g6
53. h5 Ng5 54. Bf4 Ne4 55. hxg6 hxg6 56. g5 Nc3 57. Bd2 Ne4 58. Be3 Nd6 59. Kc5
Kd7 60. Kd5 Nf7 61. Bf4 Nd8 62. Bd2 Nf7 63. Be3 Nd8 64. Ke5 Ke7 65. Bc5+ Kf7
66. Kd6 b5 67. Bb6 Ne6 68. axb5 axb5 69. Be3 b4 70. Kd5 1-0

[Event "Elit(Schack 08-Rockaden,Sthlm)"]
[Site "?"]
[Date "2018.11.09"]
[Round "1"]
[White "Hedman, Erik"]
[Black "Schutz, Ingemar"]
[Result "1-0"]
[WhiteElo "2372"]
[BlackElo "2211"]
[PlyCount "63"]
1. d4 Nf6 2. c4 g6 3. Nf3 Bg7 4. Nc3 O-O 5. g3 d6 6. Bg2 Nc6 7. O-O a6 8. e4
Bg4 9. Be3 Nd7 10. Ne2 Na5 11. b3 c5 12. Rc1 cxd4 13. Nfxd4 Bxe2 14. Qxe2 Rc8
15. Rfd1 Qc7 16. Bh3 Rcd8 17. Qd2 Nc6 18. Nxc6 Qxc6 19. c5 Ne5 20. Qd5 Qxd5 21.
exd5 dxc5 22. Bxc5 Rfe8 23. Bb6 Rd6 24. Bc7 Nf3+ 25. Kg2 Rf6 26. Bd7 Ra8 27. h4
e5 28. Bg4 e4 29. d6 h5 30. Bxf3 exf3+ 31. Kf1 Re6 32. d7 1-0

[Event "Elit(Rockaden,Umea-Eksjo)"]
[Site "?"]
[Date "2018.11.09"]
[Round "1"]
[White "Mardell, Jimmy"]
[Black "de Verdier, Michael"]
[Result "1/2-1/2"]
[WhiteElo "2139"]
[BlackElo "2284"]
[PlyCount "72"]
1. e4 e6 2. d4 d5 3. Nc3 Nf6 4. e5 Nfd7 5. f4 c5 6. Nf3 Qb6 7. Na4 Qa5+ 8. c3
cxd4 9. b4 Qc7 10. Nxd4 a6 11. Bd2 Nc6 12. Bd3 b5 13. Nb2 Nxd4 14. cxd4 Nb6 15.
Be2 Nc4 16. Nd3 a5 17. bxa5 Bd7 18. Kf2 Be7 19. Bb4 Bxb4 20. Nxb4 Qxa5 21. Nd3
Qc3 22. Nc5 Qe3+ 23. Ke1 Qc3+ 24. Kf2 Nb2 25. Qb3 Qxd4+ 26. Qe3 Qxe3+ 27. Kxe3
Nc4+ 28. Kd4 Bc6 29. Rhc1 O-O 30. g4 Rfe8 31. g5 Ra3 32. Rc3 Rea8 33. Rxa3 Rxa3
34. Nb3 Ra8 35. Kc5 Be8 36. Nd4 Na3 1/2-1/2

[Event "Elit(Schack 08-Rockaden,Sthlm)"]
[Site "?"]
[Date "2018.11.09"]
[Round "1"]
[White "Bjorkeroth, Johan"]
[Black "Bator, Robert"]
[Result "0-1"]
[WhiteElo "2104"]
[BlackElo "2379"]
[PlyCount "108"]
1. e4 c5 2. Nc3 Nc6 3. g3 g6 4. Bg2 Bg7 5. d3 Nf6 6. Nge2 O-O 7. O-O Rb8 8. f4
d6 9. h3 Nd4 10. Be3 Ne8 11. Rb1 b5 12. a3 a5 13. b4 Bd7 14. bxc5 dxc5 15. e5
Ne6 16. Ne4 Qc7 17. c3 Bc6 18. Nc1 f5 19. Nd2 Bxg2 20. Kxg2 g5 21. Qf3 Kh8 22.
d4 b4 23. axb4 axb4 24. d5 bxc3 25. Rxb8 Qxb8 26. Ndb3 c4 27. Na5 Nd8 28. Nxc4
Qb5 29. Nb6 gxf4 30. gxf4 Rg8 31. Kh2 Nc7 32. Qe2 Qe8 33. Qc4 Nb5 34. Ne2 Nf7
35. Rg1 Nh6 36. Ng3 Bf8 37. Na4 Na3 38. Qb3 e6 39. d6 Qc6 40. Qxa3 Ng4+ 41.
hxg4 Rxg4 42. Rg2 c2 43. Nc3 Qf3 44. Qc1 h5 45. Qd2 h4 46. Nce2 hxg3+ 47. Nxg3
Rg7 48. d7 Rh7+ 49. Kg1 Rxd7 50. Qe2 c1=Q+ 51. Bxc1 Bc5+ 52. Rf2 Qxg3+ 53. Kh1
Rh7+ 54. Rh2 Qg1# 0-1

[Event "Elit(LASK-Stockholms SS)"]
[Site "?"]
[Date "2018.11.09"]
[Round "1"]
[White "Hauge, Lars Oskar"]
[Black "Tikkanen, Hans"]
[Result "1-0"]
[WhiteElo "2449"]
[BlackElo "2520"]
[PlyCount "81"]
[EventDate "2018.??.??"]
[SourceDate "2018.11.12"]
1. d4 Nf6 2. Nf3 g6 3. Nc3 d5 4. Bf4 c6 5. e3 Bg7 6. Be2 O-O 7. Ne5 Nfd7 8. h4
Nxe5 9. Bxe5 f6 10. Bg3 e5 11. Qd2 Be6 12. h5 Nd7 13. hxg6 hxg6 14. O-O-O b5
15. f3 Nb6 16. Rh2 exd4 17. exd4 Qd7 18. Bd3 Bf5 19. Bf4 Kf7 20. Bh6 Rh8 21.
Rdh1 Bxd3 22. Qxd3 Rh7 23. Bxg7 Rxh2 24. Rxh2 Kxg7 25. Ne2 Qf7 26. Qd2 g5 27.
Ng3 Qg6 28. Qe1 Re8 29. Qh1 Nc4 30. Rh6 Re1+ 31. Qxe1 Kxh6 32. Qe6 g4 33. f4
Kg7 34. b3 Nb6 35. Kb2 b4 36. Qxc6 Qh7 37. Qe6 Qh2 38. Nf5+ Kg6 39. Ne7+ Kh5
40. Qxf6 Qxg2 41. Qg5# 1-0

[Event "Elit(Limhamn-Farsta)"]
[Site "?"]
[Date "2018.11.09"]
[Round "1"]
[White "Sammalvuo, Tapani"]
[Black "Johansson, Linus"]
[Result "0-1"]
[WhiteElo "2416"]
[BlackElo "2461"]
[PlyCount "112"]
1. d4 Nf6 2. c4 e6 3. Nf3 b6 4. g3 Bb7 5. Bg2 Be7 6. O-O O-O 7. Nc3 Ne4 8. Nxe4
Bxe4 9. Ne1 Bxg2 10. Nxg2 c6 11. e4 d5 12. Qe2 Nd7 13. cxd5 cxd5 14. exd5 exd5
15. Bf4 Nf6 16. Ne3 Qd7 17. Be5 Ne4 18. Rfe1 Bb4 19. Rec1 Rfc8 20. h4 f6 21.
Bf4 Bd2 22. Rxc8+ Rxc8 23. f3 Bxe3+ 24. Qxe3 Nd6 25. Bxd6 Qxd6 26. f4 Kf7 27.
Re1 Qd7 28. Kg2 Rc2+ 29. Re2 Rxe2+ 30. Qxe2 Qf5 31. Kf2 g6 32. a3 Qe4 33. Qd2
Kg7 34. Qc3 Kh6 35. Qd2 f5 36. Qd1 a5 37. a4 Kg7 38. Qd2 Qb1 39. Qe2 Kh6 40.
Qd2 Qh1 41. Qe2 Qh2+ 42. Kf3 Qg1 43. Qd2 Kh5 44. Qf2 Qh1+ 45. Qg2 Qd1+ 46. Qe2
Qxd4 47. Kg2+ Kh6 48. Qb5 Qe4+ 49. Kf2 Qc2+ 50. Kf3 d4 51. Qe8 Qd3+ 52. Kf2 Qe4
53. Qf8+ Kh5 54. Qf6 Kg4 55. Qxb6 Qe3+ 56. Kf1 Kxg3 0-1

[Event "Elit(Vasteras-Wasa)"]
[Site "?"]
[Date "2018.11.09"]
[Round "1"]
[White "Amin, Bassem"]
[Black "Miezis, Normunds"]
[Result "1-0"]
[WhiteElo "2686"]
[BlackElo "2470"]
[PlyCount "77"]
[EventDate "2018.??.??"]
1. e4 c5 2. Nf3 e6 3. d3 Nc6 4. g3 g6 5. Bg2 Bg7 6. O-O Nge7 7. c3 e5 8. a3 a5
9. a4 O-O 10. Na3 d6 11. Be3 h6 12. Nd2 Kh7 13. Ndc4 f5 14. f4 exf4 15. Bxf4
Ne5 16. Nb5 Ra6 17. Qd2 fxe4 18. Bxe5 Rxf1+ 19. Rxf1 dxe5 20. dxe4 Qxd2 21.
Nxd2 Kg8 22. Rf3 Bg4 23. Rd3 Bf6 24. Bf3 Bh3 25. Be2 h5 26. Bf1 Bxf1 27. Kxf1
Bg5 28. Nc4 Rf6+ 29. Ke2 Nc6 30. Rd7 h4 31. Rxb7 Bc1 32. Rb6 Bg5 33. Nbd6 Nd8
34. Rb8 Rf8 35. Nxa5 Kg7 36. Nab7 hxg3 37. hxg3 Rh8 38. Nxd8 Bxd8 39. Kd3 1-0

[Event "Elit(LASK-Stockholms SS)"]
[Site "?"]
[Date "2018.11.09"]
[Round "1"]
[White "Smith, Axel"]
[Black "Westerberg, Jonathan"]
[Result "0-1"]
[WhiteElo "2492"]
[BlackElo "2504"]
[PlyCount "136"]
1. d4 d5 2. c4 dxc4 3. e4 Nf6 4. e5 Nd5 5. Bxc4 Bf5 6. Qb3 c6 7. Nc3 e6 8. Bxd5
cxd5 9. Qxb7 Nd7 10. Qa6 Bb4 11. Nge2 O-O 12. O-O Nb6 13. b3 Qc8 14. Qxc8 Rfxc8
15. Bb2 Bd3 16. Rfc1 Rab8 17. h4 Rc7 18. Nf4 Ba6 19. Nce2 Rbc8 20. Rxc7 Rxc7
21. Rc1 Rxc1+ 22. Nxc1 Nd7 23. g3 Bd2 24. Nce2 f6 25. Bc3 Bxc3 26. Nxc3 Kf7 27.
exf6 gxf6 28. f3 Nb8 29. Kf2 Nc6 30. Ke3 e5 31. Nfe2 Ke6 32. f4 Bxe2 33. Nxe2
Kf5 34. a3 e4 35. b4 h5 36. Nc3 Ne7 37. b5 Ke6 38. Ne2 Nf5+ 39. Kd2 Nd6 40. a4
Nc4+ 41. Ke1 f5 42. Nc3 Kd6 43. Kd1 Ke6 44. Kc2 Kd6 45. Kb3 Nd2+ 46. Kb4 Nc4
47. Ne2 e3 48. a5 Kd7 49. Kc5 Nxa5 50. Kxd5 Nb7 51. Ke5 Nd6 52. Kf6 Nxb5 53.
Kxf5 Nd6+ 54. Kg6 a5 55. g4 a4 56. gxh5 a3 57. h6 Ke8 58. Ng3 a2 59. Ne4 a1=Q
60. Nxd6+ Kd7 61. h7 Qa8 62. Nc4 Qe8+ 63. Kg7 e2 64. Ne5+ Ke6 65. Nd3 Qf7+ 66.
Kh6 Qf6+ 67. Kh5 Kf5 68. h8=Q Qxh8# 0-1

[Event "Elit(Limhamn-Farsta)"]
[Site "?"]
[Date "2018.11.09"]
[Round "1"]
[White "Brynell, Stellan"]
[Black "Degerman, Lars"]
[Result "1/2-1/2"]
[WhiteElo "2398"]
[BlackElo "2460"]
[PlyCount "114"]
1. d4 Nf6 2. c4 g6 3. g3 Bg7 4. Bg2 d5 5. cxd5 Nxd5 6. e4 Nb4 7. a3 N4c6 8. d5
Nd4 9. Be3 e5 10. Ne2 Bg4 11. Nbc3 c6 12. h3 Bf3 13. Bxf3 Nxf3+ 14. Kf1 O-O 15.
Kg2 Qf6 16. Bc5 Rd8 17. Qd3 Nd4 18. Rad1 Nxe2 19. Qxe2 Nd7 20. Be3 Bf8 21. dxc6
bxc6 22. Rd2 Nc5 23. Rhd1 Rdb8 24. Qc4 Qe6 25. Qxe6 Nxe6 26. Na4 Rb5 27. Rc2
Ra5 28. Rc4 Rd8 29. Rxd8 Nxd8 30. Bd2 Ra6 31. Bc3 f6 32. f4 exf4 33. gxf4 Kf7
34. Kf3 Nb7 35. Bd4 Nd6 36. Nc5 Rxa3+ 37. bxa3 Nxc4 38. Nd7 Bxa3 39. Bxa7 Ke7
40. Nb8 Kd6 41. Bd4 Bb2 42. Bxb2 Nxb2 43. e5+ fxe5 44. fxe5+ Kc7 45. Na6+ Kb6
46. Nb4 Nc4 47. Ke4 Kc7 48. Na6+ Kc8 49. Kd4 Na5 50. Nc5 Nb7 51. Nxb7 Kxb7 52.
e6 Kc7 53. Ke5 Kd8 54. Kd6 g5 55. Kxc6 h5 56. Kd5 Ke7 57. Ke5 g4 1/2-1/2

[Event "Elit(Vasteras-Wasa)"]
[Site "?"]
[Date "2018.11.09"]
[Round "1"]
[White "Akesson, Ralf"]
[Black "Shirov, Alexei"]
[Result "0-1"]
[WhiteElo "2372"]
[BlackElo "2636"]
[PlyCount "126"]
1. Nf3 d5 2. d4 Nf6 3. c4 c6 4. e3 Bg4 5. Qb3 Qb6 6. Ne5 Bf5 7. Nc3 e6 8. Be2
Nbd7 9. Nxd7 Nxd7 10. Bd2 Be7 11. Rc1 Nf6 12. O-O O-O 13. Rfd1 Rac8 14. Be1
Rfd8 15. c5 Qc7 16. f3 e5 17. Bg3 Nd7 18. e4 dxe4 19. Nxe4 Bxe4 20. fxe4 b6 21.
cxb6 Qxb6 22. Qxb6 axb6 23. dxe5 Nc5 24. Bf2 Rxd1+ 25. Rxd1 Nxe4 26. Bxb6 Rb8
27. Bd4 c5 28. Bc3 Nxc3 29. bxc3 Ra8 30. Bc4 Ra4 31. Bb3 Re4 32. Rd5 c4 33. Bd1
Re3 34. Bf3 Rxc3 35. Rd7 Kf8 36. Rc7 Bd8 37. Rc8 Ke7 38. Bd5 Bb6+ 39. Kf1 Rc1+
40. Ke2 Rc2+ 41. Kd1 Rxa2 42. Rxc4 Ra5 43. Bf3 g6 44. Rb4 Bc7 45. Rb7 Rc5 46.
Be2 h5 47. h3 Rd5+ 48. Ke1 Kd7 49. e6+ fxe6 50. Rb5 Bg3+ 51. Kf1 Rd2 52. Rg5 h4
53. Rxg6 e5 54. Rb6 Rc2 55. Bf3 Ke7 56. Rb4 Kf6 57. Rb1 Kf5 58. Rb4 Rf2+ 59.
Kg1 Ra2 60. Kf1 Bf2 61. Bd5 Rd2 62. Be4+ Kf4 63. Bh7+ Bd4 0-1